zpět

Detail výsledku týmu

U Áji a Páji, Soběslav

Datum a čas kvízu

27 Celkem bodů Celkový počet nahraných bodů na tomto kvízu bez doplňovacích otázek.
6. Pořadí na kvízu Konečné umístění týmu na tomto kvízu.

Zaznamenané odpovědi

# Otázka Odpověď Body Výsledky
1. Jedna česká politička oslavila... Markéta Pekarová Adamová 1
2. Prezident jedné jihoamerické z... Venezuela 0
3. Která hudební legenda vystoupi... Bob Dylan 0
4. V úterý se stal novým generáln... z Nizozemska 0
5. Napište názvy dvou hokejových... Buffalo Sabres, New Jersey Devils 0.5
6. Který stát zcela obklopuje zem... Jihoafrická republika (JAR, Jižní Afrika) 0
7. Berlínská zeď oddělovala Výcho... 1961 (uznáváme 1959 až 1963) 0
8. V Pásmu Gazy, jež je v podstat... A 0
9. V roce 2015 během jediného dne... Indie a Bangladéš 0
10. Republika San Marino je druhý... Rimini 1